000 00689nam a2200289Ia 4500
005 20260324112706.0
008 008 260324s9999 xx 000 0 eng d
020 _a9781003584292
037 _aEBOOK
040 _aCRL
040 _beng
040 _cCRL
041 _2eng
041 _aeng
084 _qCRL
100 _aConstantine Stephanidis; Gavriel Salvendy
245 0 _aHuman-Computer Interaction
245 0 _bFoundations and Advances
260 _bTaylor and Francis
260 _c2024
365 _a
365 _b1920
856 _uhttp://www.taylorfrancis.com/books/9781003584292
942 _cEBOOK
999 _c1733057
_d1733057